Nociones de derecho canónico, en conformidad con el Novísimo Código de Pío X

Zapisane w:
Opis bibliograficzny
Korporacja: Congregación de los Sagrados Corazones (Autor)
Format: Książka
Język:hiszpański
Wydane: Valparaíso Curso Universitario de los Sagrados Corazones 1919
Hasła przedmiotowe:
Etykiety: Dodaj etykietę
Nie ma etykietki, Dołącz pierwszą etykiete!

MARC

LEADER 00000cam a2200000 a 4500
001 UCF0522
003 CL-VaPUC
008 120531e19190000CL |||||||||||||||||spa|d
082 0 4 |a 262.9  |b CON  |2 21 
110 2 |a Congregación de los Sagrados Corazones  |e author  |9 562288 
245 1 0 |a Nociones de derecho canónico, en conformidad con el Novísimo Código de Pío X 
300 |a 152 p 
942 |c BK 
945 |d 20120531 00:00:00  |a cmena 
260 |a Valparaíso  |b Curso Universitario de los Sagrados Corazones  |c 1919 
650 7 |a DERECHO CANONICO  |2 CL-VaPUC  |9 562289 
650 0 |a Sacramentos   |9 257270 
650 0 |a Jurisprudencia  |9 255952 
650 0 |a Derecho eclesiástico  |9 255055 
650 0 |a Delitos  |9 224143 
583 |a last modification  |c 20130308 07:50:24  |k Rodrigo Vera 
999 |c 347779  |d 347777 
952 |0 0  |1 0  |4 0  |6 262_900000000000000_CON_1919  |7 0  |8 DER_HDC  |9 449394  |a BIBDER  |b BIBDER  |d 2019-11-22  |i 485151K  |l 1  |o 262.9 CON 1919  |p 485151K  |r 2023-01-25  |s 2020-03-19  |w 2019-11-22  |x Ubicación 4to Piso  |y BK_X  |z Estos recursos deben solicitarse con anticipación  |k DER